000 03550nam a22011417a 4500
003 PE-LiUPU
005 20251002161558.0
008 230927b |||||||| |||| 00| 0 spa d
040 _aPE-LiUPU
_bspa
_cPE-LiUPU
_dPE-LiUPU
_erda
082 _223
_a346.4
_bG643t
100 1 0 _aGonzales Barrón, Günther.
_92663
_d1968-
_eautor.
245 1 0 _aTratado de derechos reales /
_cGünther Hernán Gonzales Barrón.
250 _aCuarta edición
264 _aLima :
_bJurista Editories,
_c2019.
300 _a2 tomos :
_c24 centímetros.
504 _aPáginas 657-685 del tomo 2.
505 _aTomo 1: Teoría general de los derechos reales, bienes posesión. Apropiación de la riqueza como fenómeno social -- categoría jurídica del derecho real -- Principios configuradores de los derechos reales -- Pactos prohibitivos y restrictivos de enajenación, gravamen y disfrute -- Bienes -- Vinculación de bienes -- Posesión -- Clases de posesión -- Nacimiento, conservación y pérdida de la posesión -- Efectos de la posesión -- Liquidación del estado posesorio --
505 _aTomo 2: Propiedad, derechos reales de menores, Derechos reales de garantía. Propiedad privada: bases sociales económicas, ideológicas y jurídicas -- Configuración jurídica del derecho de propiedad privada -- Modos de adquisición de la propiedad . adquisición originaria -- Adquisición derivada -- Tutela de la propiedad -- Extinción de la propiedad -- Copropiedad -- Propiedades especiales -- Derechos reales menores -- Derechos reales de garantía.
526 _aP202
526 _aP201
526 _aP163
526 _aP162
526 _aP161
526 _aP160
526 _aP148
526 _aP147
526 _aP146
526 _aP145
526 _aP144
526 _aP143
526 _aP142
526 _aP141
526 _aP140
526 _aP139
526 _aP138
526 _aP137
526 _aP136
526 _aP135
526 _aP134
526 _aP133
526 _aP129
526 _aP128
526 _aP127
526 _aP120
526 _aP119
526 _aP118
526 _aP116
526 _aP115
526 _aP114
526 _aP110
526 _aP109
526 _aP108
526 _aP104
526 _aP103
526 _aP102
526 _aP99
526 _aP98
526 _aP97
526 _aP96
526 _aP95
526 _aP93
526 _aP90
526 _aP89
526 _aP88
526 _aP83
526 _aP82
526 _aP62
526 _aP59
526 _aP58
526 _aP57
526 _aP51
526 _aP49
526 _aP48
526 _aP47
526 _aP29
526 _aP24
526 _aP20
526 _aP19
526 _aP17
526 _aP15
526 _aP14
526 _aP12
526 _aP10
526 _aP09
526 _aP08
526 _aP07
526 _aP06
526 _aP05
526 _aP04
526 _aP01
556 _aE001-106-10444184961
_z9786124366871 9786124366888
650 0 _aDerecho civil
_xLegislación
_zPerú.
_92666
650 0 _aPosesión (derecho)
_xLegislación
_zPerú.
_92668
650 0 _aDerecho de propiedad
_zPerú.
_92669
942 _2ddc
_cBK
_n0
980 _621515
_aDIGNA BRAÑES Analista Documental
_818226
_gJaime Vilcazán Jefe de Análisis Documental
999 _c61997
_d61997